Production systems technology
Contents: Section 1: Production systems; Section 2: Resources for production; Section 3: Manufacturing; Section 4: Construction; Section 5: Building the future.
Bewaard in:
| Hoofdauteur: | |
|---|---|
| Formaat: | Boek |
| Taal: | Undetermined |
| Gepubliceerd in: |
Lake Forest, Ill.
Glencoe
1992
|
| Onderwerpen: | |
| Tags: |
Voeg label toe
Geen labels, Wees de eerste die dit record labelt!
|
| Thư viện lưu trữ: | Trung tâm Học liệu Trường Đại học Cần Thơ |
|---|
| LEADER | 00741nam a2200205Ia 4500 | ||
|---|---|---|---|
| 001 | CTU_159183 | ||
| 008 | 210402s9999 xx 000 0 und d | ||
| 020 | |c 104.15 | ||
| 082 | |a 658.5 | ||
| 082 | |b H288 | ||
| 100 | |a Harms, Henry | ||
| 245 | 0 | |a Production systems technology | |
| 245 | 0 | |c Henry Harms, Dennis Kroon | |
| 260 | |a Lake Forest, Ill. | ||
| 260 | |b Glencoe | ||
| 260 | |c 1992 | ||
| 520 | |a Contents: Section 1: Production systems; Section 2: Resources for production; Section 3: Manufacturing; Section 4: Construction; Section 5: Building the future. | ||
| 650 | |a Industrial management,Production management,Construction industry,Manufactures | ||
| 904 | |i Giang | ||
| 980 | |a Trung tâm Học liệu Trường Đại học Cần Thơ | ||